Chaîne de mots - Statistiques

Statistiques générales
  • Ce quiz a été pris 119 fois
  • Le résultat moyen est 6 sur 50
Statistiques - réponses
Définition Mot % Correct
Capitale de l'Égypte Le Caire
97%
+O Il est scolarisé Écolier
44%
-I Langue des îles Créole
41%
+Q Melon d'eau Pastèque
30%
-L Cocue Trompée
25%
-R Partie latérale de la tête Tempe
23%
-S Fleuve francilien Seine
22%
-O Plongé dans un liquide Trempé
22%
-S La maîtresse de la ruche Reine
21%
-A Plante potagère Céléri
20%
+G Manaudou ou Muffat Nageuse
20%
-Q Envie de vomir Nausée
20%
+N Sports du midi Pétanques
20%
-E Visibles dans un ciel couvert Nuages
19%
+P Substance minérale noire Pétrole
19%
+D Jour de la semaine Vendredi
19%
+R Statue de Copenhague Sirène
16%
-C Accepté Toléré
14%
+W Serpillère du nord Wassingue
14%
+T Musique synthétique Électro
12%
+T Nombre sans partie décimale Entier
12%
-M Bouche à la salive lourde Pâteuse
12%
+A Recouvert de pâte Empaté
11%
-E Jeune vache Génisse
11%
+D Molaire et incisives de substitution Dentier
9%
-G Maître japonais Sensei
9%
+O Avoir obligation Devoir
7%
-P Imitas Sherlock Enquêtas
7%
+S Commune de l'Essonne Etampes
7%
-O Vide
7%
-B Poète romain Ovide
5%
+B Famille de ruminants Bovidé
4%
-D Tel un bateau qui erre Dérive
4%
-E Compositeur italien (Giuseppe) Verdi
4%
-R Diaporama rapide Vidéo
4%
+R Balanceras Swingueras
3%
-R Roche métamorphique Gneiss
2%
-A Petit fin sec et friable Gressin
2%
-T Peuple de Gaule Séquane
2%
+M Relatif à un continuum Temporel
2%
+U Raccourcies Amputées
1%
-X Ancienne monnaie Denier
1%
-N Dérouler Dévider
1%
+V Vous le faites en ce moment-même Deviner
1%
+X Glucide gommeux Dextrine
1%
+I Flou obtenu par moyenne Gaussien
1%
-U Affecter Assigner
0%
-T Numéroter Indéxer
0%
-W Égorgeurs de porcs Saigneurs
0%
+S Annélide aquatique Sangsue
0%
Aucun quiz correspondant
Distribution des résultats
% des personnes avec chaque résultat
Percentile par nombre de réponses
Votre historique - résultats
Vous n’avez pas pris ce quiz